[Event "Burgos Intercajas"]
[Site "Burgos"]
[Date "2011.10.26"]
[Round "4.3"]
[White "Ortiz Fernandez, Vega Alejandro"]
[Black "Marrugat Vall, Jaume"]
[Result "1-0"]
[WhiteElo "2141"]
[BlackElo "1869"]
[PlyCount "33"]
[EventDate "2011.10.23"]
[EventType "swiss"]
[EventRounds "6"]
[EventCountry "ESP"]
[SourceTitle "EXT 2024"]
[Source "ChessBase"]
[SourceDate "2023.10.10"]
[SourceVersion "1"]
[SourceVersionDate "2023.10.10"]
[SourceQuality "1"]
[WhiteTeam "Cajastur"]
[BlackTeam "Sabadell Coral Colon"]
[WhiteTeamCountry "ESP"]
[BlackTeamCountry "ESP"]

1. e4 e5 2. Nf3 Nc6 3. Bb5 Nf6 4. 0-0 Bc5 5. c3 d6 6. d4 Bb6 7. d5 0-0 8. dxc6 Nxe4 9. Qe2 f5 10. Nbd2 Nxd2 11. Bxd2 f4 12. Rfe1 Rf5 13. Rad1 g5 14. Bc1 h5 15. Nxe5 Qf6 16. Nd7 Qg7 17. Qe8+ 1-0

[Event "Burgos Intercajas"]
[Site "Burgos"]
[Date "2011.10.25"]
[Round "3.3"]
[White "Marrugat Vall, Jaume"]
[Black "Gonzalez, Julian"]
[Result "1/2-1/2"]
[WhiteElo "1869"]
[BlackElo "1905"]
[PlyCount "60"]
[EventDate "2011.10.23"]
[EventType "swiss"]
[EventRounds "6"]
[EventCountry "ESP"]
[SourceTitle "EXT 2024"]
[Source "ChessBase"]
[SourceDate "2023.10.10"]
[SourceVersion "1"]
[SourceVersionDate "2023.10.10"]
[SourceQuality "1"]
[WhiteTeam "Sabadell Coral Colon"]
[BlackTeam "Caja Granada"]
[WhiteTeamCountry "ESP"]
[BlackTeamCountry "ESP"]

1. d4 d5 2. Nc3 e6 3. Nf3 Nf6 4. Bg5 Be7 5. e3 Nbd7 6. Bd3 0-0 7. 0-0 c6 8. a3 Qc7 9. Re1 h6 10. Bh4 Bd6 11. e4 dxe4 12. Nxe4 Nxe4 13. Bxe4 Re8 14. c4 Nf8 15. b4 Bd7 16. c5 Be7 17. Bg3 Qd8 18. Ne5 Bf6 19. Qh5 Re7 20. f4 Bxe5 21. fxe5 Be8 22. Qg4 Qxd4+ 23. Kh1 Rd7 24. Bf4 Ng6 25. Bxg6 fxg6 26. Qxe6+ Kh7 27. Qg4 Rad8 28. e6 Rd5 29. Qf3 Qc4 30. Bd6 Rf5 1/2-1/2

[Event "Burgos Intercajas"]
[Site "Burgos"]
[Date "2011.10.23"]
[Round "1.3"]
[White "Sarasola Ouvina, Javier"]
[Black "Marrugat Vall, Jaume"]
[Result "1-0"]
[WhiteElo "2064"]
[BlackElo "1869"]
[PlyCount "23"]
[EventDate "2011.10.23"]
[EventType "swiss"]
[EventRounds "6"]
[EventCountry "ESP"]
[SourceTitle "EXT 2024"]
[Source "ChessBase"]
[SourceDate "2023.10.10"]
[SourceVersion "1"]
[SourceVersionDate "2023.10.10"]
[SourceQuality "1"]
[WhiteTeam "KUTXA"]
[BlackTeam "Sabadell Coral Colon"]
[WhiteTeamCountry "ESP"]
[BlackTeamCountry "ESP"]

1. f4 d6 2. e4 e5 3. Bc4 Nh6 4. d3 f5 5. Nf3 fxe4 6. dxe4 Bg4 7. fxe5 Bxf3 8. Qxf3 Qe7 9. exd6 cxd6 10. Nc3 Nd7 11. Nd5 Qd8 12. Bxh6 1-0